00260nam a2200109Ia 4500008004100000245004500041260002200086440000600108521001200114942000700126999001700133140130s9999 xx 000 0 und d cOchiltree, DianneaBart's amazing charts bScholastic,c1999 v1 aGrade 1 cBK c39975d39975